000 01076cad a22001935a 4500
001 L158033
008 140130s2014 xxk f 000 0 eng d
035 _a(Sirsi) u158033
041 0 _aeng
110 2 _aUnited Kingdom
_bDepartment of Energy and Climate Change
_95850
245 0 0 _aCommunity Energy Strategy
_bFull Report
260 _aLondon
_bDECC
_c2014
520 _aGovernment proposals will widen the support available for community energy projects whereby people come together to reduce their energy use or purchase and generate their own energy. There will be a £10bn Urban Community Energy Fund to kick-start community energy generation projects in England and a £1m Big Energy Saving Network funding to support the work of volunteers helping vulnerable consumers to reduce their energy.
590 _aKA
651 4 _aUnited Kingdom
690 _aEnergy
_96237
856 4 0 _uhttps://www.gov.uk/government/uploads/system/uploads/attachment_data/file/275163/20140126Community_Energy_Strategy.pdf
_zView the Community Energy Strategy at www.gov.uk
942 _n0
999 _c115089
_d115089